000 00223nam a22001097a 4500
999 _c167626
_d167626
082 _a
_b
100 _aPremchand
245 _aNirmala/
_cby Premchand.
260 _aNew Delhi:
_bSumitre,
_c
650 _a
942 _cBK